| 000 | 00931cam a22002655a 4500 | ||
|---|---|---|---|
| 999 |
_c3650 _d3650 |
||
| 005 | 20180930112254.0 | ||
| 006 | m||||fq||d 00| 0 | ||
| 008 | 100920t2002 enk frd 000 0 eng d | ||
| 020 | _a0333990935 | ||
| 020 | _a9780333990933 | ||
| 040 |
_aEG-ScBUE _beng _cEG-ScBUE _dEG-ScBUE |
||
| 082 | 0 | 4 |
_a423 _bMAC _222 |
| 245 | 1 | 0 |
_aMacmillan English dictionary : _bfor advanced learner. |
| 250 | _bInternational student ed. | ||
| 260 |
_aLondon : _bMacmillan Publisher Limited, _cc.2002. |
||
| 300 |
_a1692 p: _bill ; _c26 cm. |
||
| 500 | _aIncludes Free access to online edition. | ||
| 650 | 7 |
_aEnglish language _xDictionaries. _2BUEsh _919584 |
|
| 650 | 7 |
_aEnglish language _xSynonyms and antonyms. _2BUEsh _919585 |
|
| 650 | 7 |
_aEncyclopedias and dictionaries. _2BUEsh _919586 |
|
| 651 | _2BUEsh | ||
| 653 |
_bHHUUEENN _cAugust2018 |
||
| 856 | 4 | 0 |
_iFree access to online edition _uwww.macmillandictionaries.com/online |
| 942 | _2ddc | ||